| 000 | 00465nam a2200181Ia 4500 | ||
|---|---|---|---|
| 003 | LK-CoDNM | ||
| 005 | 20240122100159.0 | ||
| 008 | 010623t1914 xxu||||| |||| 00| 1 sin d | ||
| 040 |
_aLK-CoDNM _dLK-CoDNM _eLK-CoDNM |
||
| 041 | _asin | ||
| 080 |
_a104 _bK 6 |
||
| 100 | _aFernando,S.Josaf. | ||
| 245 | _aහෙළදිව් පඬි රුවන | ||
| 246 | _aHeladiw Pandi Ruwana | ||
| 260 |
_bCeylon _aColombo _c1914 |
||
| 300 | _b18p, 21 cm | ||
| 942 | _cBK | ||
| 999 |
_c88331 _d88331 |
||